000 02031nam a22003257a 4500
001 4464
003 FISKH
005 20240920114941.0
008 240911b cb ||||| |||| 00| 0 eng d
020 _a9789995000950
040 _aFISKH
_bKhmer
_cFISKH
_dFISKH
050 _aPZ7
082 _2800
100 _aSakal, Ngoun
_eauthor
245 _aស្រ្តីគ្រប់លក្ខណ៏តំណទីបួន ដង្កូវរីករាយ​/
_cby Ngoun , Sakal
250 _aបោះពុម្ពលើកទី១ឆ្នាំ២០០៩
260 _aភ្នំពេញ :
_bគ្រឺះស្ថានបោះពុម្ពនិងចែកផ្សាយ ;
_c២០០៩​ .
300 _a16 pages :
_bcolor illustrations ;
_c19 cm .
490 _aកំរងរឿងនិទានអប់រំ
505 _aM
520 _aស្ត្រីគ្រប់លក្ខណ៏តំណទីបួន​ : មានប្តីប្រពន្ធពីរនាក់រស់នៅក្នុងភូមិមួយ ប្តិមានចិត្តសង្ស័យថាប្រពន្ធមិនស្មោះក៏ក្លែងធ្វើជាស្រវឺងដើម្បីសាកចិត្តនាង ។ ដង្កូវរីករាយ : ដង្កូវញីនិងកន្ទំរុយសន្ទនាគ្នាអំពីចំណីអាហារដែលពួកវាសុី ។​
520 _aPerfect Woman Fourth Link: There are two couples living in the same village who suspect that their unfaithful wife is pretending to be drunk to tempt her. Happy Worms: Female worms and flies talk to each other about the food they eat.
521 8 _a550
_bLexile estimate
521 8 _aM
_bRaz-Plus
650 _aផឺកស្រា​
_vរឿងប្រឌិត
650 _adrink beer
_vfiction
700 _aBopha, Om
_eillustrator
942 _2ddc
_cKHB
_n0
999 _c4464
_d4464